书目信息 |
| 题名: |
四十八式太极拳
|
|
| 作者: | ;国家体育运动委员会运动司 编 | |
| 分册: | ||
| 出版信息: | 北京 人民体育出版社 1979 |
|
| 页数: | 77页 | |
| 开本: | 19cm | |
| 丛书名: | ||
| 单 册: | ||
| 中图分类: | G852.1 | |
| 科图分类: | ||
| 主题词: | 太极拳,四十八式 , 武术 , 民族形式体育 | |
| 电子资源: | ||
| ISBN: | ||
| 000 | 00709nam0 2200241 45 | |
| 001 | 0179003889 | |
| 005 | 20060809172607.09 | |
| 010 | @dCNY0.23 | |
| 091 | @a7015.1812 | |
| 100 | @a19950717d1979 em y0chiy0121 ea | |
| 101 | 0 | @achi |
| 102 | @aCN@b110000 | |
| 105 | @aa z 000yy | |
| 200 | 10 | @a四十八式太极拳@Asi shi ba shi tai ji quan@f国家体委运动司《四十八式太极拳》编写小组编 |
| 210 | @a北京@c人民体育出版社@d1979 | |
| 215 | @a77页@c插图@d19cm | |
| 606 | @a太极拳,四十八式 | |
| 606 | 0 | @a武术 |
| 606 | 0 | @a民族形式体育 |
| 690 | @aG852.1 | |
| 711 | 02 | @a国家体育运动委员会运动司@Aguo jia ti yu yun dong wei yuan hui yun dong si@4编 |
| 801 | 0 | @aCN@bNLC@c20060809 |
| 905 | @f1@b211728@dG852.1@e123 | |
| 四十八式太极拳/国家体委运动司《四十八式太极拳》编写小组编.-北京:人民体育出版社,1979 |
| 77页:插图;19cm |
| ISBN :CNY0.23 |
| ● |
| 相关链接 |
|
|
|
|
正题名:四十八式太极拳
索取号:G852.1/123
 
预约/预借
| 序号 | 登录号 | 条形码 | 馆藏地/架位号 | 状态 | 备注 |
| 1 | 0054967 | 000992019 | 第四借阅区/ [索取号:G852.1/123] | 在馆 | |
| 2 | 0054968 | 000992082 | 第四借阅区/ [索取号:G852.1/123] | 在馆 | |
| 3 | 0211728 | 000993063 | 第四借阅区/ [索取号:G852.1/123] | 在馆 | |
| 4 | 0228693 | 000992055 | 第四借阅区/ [索取号:G852.1/123] | 在馆 | |
| 5 | 0228694 | 000992073 | 第四借阅区/ [索取号:G852.1/123] | 在馆 | |
| 6 | 0228695 | 000992064 | 第一样本阅览室/ [索取号:G852.1/123] | 在馆 | |
| 7 | 0447841 | 204478412 | 密集书库/ [索取号:G852.1/123] | 在馆 |